| 000 | nam a22 a 4500 | ||
|---|---|---|---|
| 999 |
_c3471 _d3471 |
||
| 003 | AKMAL | ||
| 005 | 20170523091922.0 | ||
| 008 | 170523s1996 my 00 eng d | ||
| 020 |
_a9839214411 (pbk.): _cRM 24.90 |
||
| 040 | _aAKMAL | ||
| 082 | 0 | 4 | _a658.4092 LUC |
| 090 |
_a658.4092 _bLUC |
||
| 100 | 1 |
_aLuce, Donald _96968 |
|
| 245 | 1 | 0 |
_aTime-out leadership : _bdaily reflections to maximize your leadership effectiveness / _cDonald Luce |
| 260 |
_aPetaling Jaya : _bAdvantage Quest, _c1996 |
||
| 300 |
_axii, 365p. ; _c19cm |
||
| 650 |
_aManagement _vQuotations, maxims, etc. _96969 |
||
| 650 |
_aLeadership _vQuotations, maxims, etc. _9136 |
||
| 942 |
_2ddc _cBOOK |
||